All Civilization 6 Civs - Statistics

General Stats
  • This quiz has been taken 434 times
  • The average score is 41 of 50
Answer Stats
Leader Civilization % Correct
Theodore Roosevelt / Abraham Lincoln American
99%
Montezuma Aztec
97%
Victoria / Eleanor / Elizabeth I English
97%
Qin Shi Huang / Kublai Khan / Yongle / Wu Zetian Chinese
96%
Pedro II Brazilian
95%
Cleopatra / Ramesses II Egyptian
95%
Pericles / Gorgo Greek
95%
Chandragupta / Gandhi Indian
95%
Hojo Tokimune / Tokugawa Japanese
95%
Catherine de Medici / Eleanor French
94%
Frederick Barbarossa / Ludwig II German
94%
Julius / Trajan Roman
93%
Peter Russian
93%
John Curtin Australian
92%
Genghis Khan / Kublai Khan Mongolian
92%
Philip II Spanish
92%
Saladin Arabian
91%
Wilfrid Laurier Canadian
90%
Seondeok / Sejong Korean
89%
Harald Hardrada Norwegian
88%
Cyrus / Nadar Shah Persian
88%
João III Portuguese
88%
Wilhelmina Dutch
86%
Alexander the Great Macedonian
86%
Pachacuti Incan
85%
Jadwiga Polish
83%
Robert the Bruce Scottish
83%
Mansa Musa / Sundiata Keita Malian
82%
Suleiman Ottoman
82%
Kristina Swedish
82%
Simon Bolivar Gran Colombian
80%
Shaka Zulu
80%
Hammurabi Babylonian
79%
Bà Triệu Vietnamese
79%
Gitarja Indonesian
77%
Matthias Corvinus Hungarian
76%
Lady Six Sky Mayan
74%
Menelik II Ethiopian
73%
Mvemba a Nzinga / Mbande Nzinga Kongolese
73%
Gilgamesh Sumerian
70%
Basil II / Theodora Byzantine
68%
Ambiorix Gallic
67%
Tamar Georgian
66%
Poundmaker Cree
64%
Jayavarman VII Khmer
64%
Kupe Maori
64%
Tomyris Scythian
63%
Amanitore Nubian
61%
Dido Phoenician
58%
Lautaro Mapuche
46%
No matching quizzes found
Score Distribution
Percent of People with Each Score
Percentile by Number Answered
Your Score History
You have not taken this quiz